University Home | Library Home | Institutional Repository

High Arctic venture. (Record no. 202995)

MARC details
000 -LEADER
fixed length control field 00842cam9a220025300 4500
001 - CONTROL NUMBER
control field lce00677707
008 - FIXED-LENGTH DATA ELEMENTS--GENERAL INFORMATION
fixed length control field 710521s1968 onca 000 0 eng
010 ## - LIBRARY OF CONGRESS CONTROL NUMBER
LC control number 68132672 //r82
015 ## - NATIONAL BIBLIOGRAPHY NUMBER
National bibliography number C68-2555
020 ## - INTERNATIONAL STANDARD BOOK NUMBER
Terms of availability
-- .95 Can.
035 ## - SYSTEM CONTROL NUMBER
System control number (Sirsi) r30950
035 ## - SYSTEM CONTROL NUMBER
System control number (DLC) 68132672 //r82
035 ## - SYSTEM CONTROL NUMBER
System control number (UPRA)lce00677707
043 ## - GEOGRAPHIC AREA CODE
Geographic area code n-cn-nt
050 0# - LIBRARY OF CONGRESS CALL NUMBER
Classification number F1105.5.A7
Item number H5
082 ## - DEWEY DECIMAL CLASSIFICATION NUMBER
Classification number 917.12/9
100 1# - MAIN ENTRY--PERSONAL NAME
Personal name Hinds, Margery.
Linkage A95298.1
245 10 - TITLE STATEMENT
Title High Arctic venture.
260 ## - PUBLICATION, DISTRIBUTION, ETC.
Place of publication, distribution, etc. Toronto,
Name of publisher, distributor, etc. Ryerson Press
Date of publication, distribution, etc. [1968]
650 #0 - SUBJECT ADDED ENTRY--TOPICAL TERM
Topical term or geographic name entry element Eskimos -- Northwest Territories -- Baffin Island.
Geographic subdivision Eskimos -- Northwest Territories -- Baffin Island.
-- Eskimos -- Northwest Territories -- Baffin Island.
Linkage S68656.1
651 #0 - SUBJECT ADDED ENTRY--GEOGRAPHIC NAME
Geographic name Arctic Bay (Settlement)
Linkage S68657.1
949 ## - LOCAL PROCESSING INFORMATION (OCLC)
a F1105.5.A7
w lcc
i -34871
m MAIN
t BOOK
l ON-SHELF

No items available.

© 2026 - The University of Zambia Library - Koha v25.11